000 01237nam a2200217Ia 4500
003 Ost
005 20260416102401.0
008 260416s9999||||xx |||||||||||||| ||und||
040 _cfsecg
041 _aara
082 _a332.642
100 _aعيساني، منصور
_eمؤلف
245 0 _aبورصة البضائع :
_bموجهة لطلبة السنة الثالثة قسم ليسانسLMD تخصص تجارة دولية /
_c منصور عيساني
260 _aالجزائر
_bجامعة الجزائر3: كلية العلوم الإقتصادية، العلوم التجارية وعلوم التسيير
_c2023
300 _a114 ورقة
_bايضاحات
_c12 سم
520 _aالاطار النظري للسوق المالية وموقع بورصة البضائع فيها ، الاطار المفهومي لبورصة البضائع ، تطبيقات العقود الاجلة و المستقبلية و عقود الخيار ، المقاصة و التسوية
653 _aالبورصات
653 _aبورصة البضائع
710 _aجامعة الجزائر3: كلية العلوم الإقتصادية، العلوم التجارية وعلوم التسيير
_eناشر علمي
942 _cHANDOUT
999 _c41416
_d41416